• 首页
  • 本馆介绍
  • 公告通知
  • 最新文献
  • 馆藏检索
  • 电子资源
  • 读者导购
  • 参考咨询
  • 我的图书馆
  • 登录
  • 详细信息显示
  • 放入我的书架
  • 预约/预借图书
  • 作者相关作品
  • 分类相关作品
  • 丛书相关作品
  • 出版社相关作品

书目信息

  • 表格格式
  • 工作单格式
  • 卡片格式
题名:
朵云轩史话
    
 
作者: 严慈 著
分册:  
出版信息: 长春   吉林摄影出版社  1997
页数: 156页
开本: 19cm
丛书名:
单 册:
中图分类: G239.22
科图分类:
主题词: 出版工作
电子资源:
ISBN: 7-80606-134-7
000 00577nam0 2200217 45
001 0501111229
005 20050111125329.3
010    @a7-80606-134-7@dCNY15.00@b精装
100    @a20050111d1997 km y0chiy0120 ea
101 0  @achi
102    @aCN@b220000
105    @ay z 000yy
200 1  @a朵云轩史话@ADuo Yun Xuan Shi Hua@f严慈著@Fyan ci zhu
210    @a长春@c吉林摄影出版社@d1997
215    @a156页@d19cm
606 0  @a出版工作
690    @aG239.22@v4
701  0 @a严慈@Ayan ci@4著
801    @aCN@bAHTY@c20050111
905    @aBZT@dG239.22@e2
906    @dCNY15.00@n0@r1
    
    朵云轩史话/严慈著.-长春:吉林摄影出版社,1997
    156页;19cm
    
    
    ISBN 7-80606-134-7(精装):CNY15.00
    
●
相关链接 在五车中查询图书 在当当中查询图书 在豆瓣中查询图书


正题名:朵云轩史话     索取号:G239.22/2         预约/预借

序号 登录号 条形码 馆藏地/架位号 状态 备注
1 377988   210005750   中心书库北库/ 北库032架B面2列4层12/ [索取号:G239.22/2] 在馆    
2 377989   210005769   中心书库北库/ 北库032架B面2列4层5/ [索取号:G239.22/2] 在馆    
3 377990   210005741   中心书库北库/ 北库032架B面2列4层4/ [索取号:G239.22/2] 在馆    
4 377991   210005732   中心书库北库/ 北库032架B面2列4层9/ [索取号:G239.22/2] 在馆    
5 377992   210005723   中心书库北库/ 北库032架B面2列4层3/ [索取号:G239.22/2] 在馆    
6 377993   210005714   中心书库北库/ 北库032架B面2列4层8/ [索取号:G239.22/2] 在馆    
7 377994   210005698   中心书库北库/ 北库032架B面2列4层10/ [索取号:G239.22/2] 在馆    
8 377995   210005705   中心书库北库/ 北库032架B面2列4层6/ [索取号:G239.22/2] 在馆    
9 377996   210001326   中心书库北库/ 北库032架B面2列4层7/ [索取号:G239.22/2] 在馆    
10 377997   210001344   中心书库北库/ 北库032架B面2列4层11/ [索取号:G239.22/2] 在馆    
山东省滨州职业学院图书馆 欢迎您!
大连网信软件有限公司© 版权所有